[Event "57th Biel Festival MTO 2024"]
[White "Borner,Daniel"]
[Black "Mata,Adilson"]
[Site "Biel"]
[Round "7.48"]
[Annotator "ChessBase"]
[Result "1/2-1/2"]
[Date "2024.07.22"]
[WhiteElo "2075"]
[BlackElo "1971"]
[PlyCount "79"]

1. e4 c5 2. Nf3 Nc6 3. Bb5 g6 4. Bxc6 dxc6 5. d3 Bg7 6. h3 Qc7 7. Nc3 Nf6 8. Be3 b6 9. Qd2 e5 10. O-O O-O 11. Nh2 Nh5 12. Ne2 Be6 13. g4 Nf6 14. f4 exf4 15. Nxf4 Bd7 16. Rae1 Ne8 17. b3 Qc8 18. Nf3 Nc7 19. Re2 Qa6 20. a4 Rad8 21. Ref2 Qc8 22. Rg2 a5 23. Qf2 h6 24. Qg3 Ne6 25. Nxe6 Bxe6 26. Qh4 g5 27. Qg3 Bc3 28. h4 f6 29. Qh3 Kg7 30. e5 fxe5 31. hxg5 h5 32. g6 Bxg4 33. Qh4 Qe6 34. Nh2 Rxf1+ 35. Kxf1 Bh3 36. Qxd8 Qxg6 37. Qe7+ Kg8 38. Qd8+ Kg7 39. Qe7+ Kg8 40. Qg5 1/2-1/2

[Event "57th Biel Festival MTO 2024"]
[White "Krishnan,Ritvik"]
[Black "Udelnov,Valentin"]
[Site "Biel"]
[Round "7.49"]
[Annotator "RC"]
[Result "1-0"]
[Date "2024.07.22"]
[WhiteElo "2297"]
[BlackElo "1965"]
[PlyCount "65"]

1. Nf3 Nf6 2. c4 g6 3. b3 Bg7 4. Bb2 O-O 5. g3 d6 6. d4 c5 7. Bg2 Qa5+ 8. Bc3 Qc7 9. Nbd2 a6 10. O-O b5 11. Rc1 b4 12. Bb2 cxd4 13. Nxd4 Bb7 14. e4 Nbd7 15. Qe2 Nc5 16. Rfe1 Rfd8 17. Ba1 Bh6 18. f4 e5 19. Nc2 Nh5 20. Bf3 Ng7 21. Ne3 Nge6 22. Nd5 Bxd5 23. cxd5 Ng7 24. fxe5 dxe5 25. Rc2 f5 26. exf5 Nxf5 27. Ne4 Qb6 28. Nxc5 Ne3 29. Rcc1 Qa7 30. Kh1 Nxd5 31. Qxe5 Bxc1 32. Qh8+ Kf7 33. Qg7# 1-0

[Event "57th Biel Festival MTO 2024"]
[White "Saine,Zachary"]
[Black "Vemparala,Nikash"]
[Site "Biel"]
[Round "7.50"]
[Annotator "ChessBase"]
[Result "1-0"]
[Date "2024.07.22"]
[WhiteElo "2035"]
[BlackElo "2170"]
[PlyCount "69"]

1. e4 e5 2. Nf3 Nc6 3. Bc4 Bc5 4. c3 Nf6 5. d3 d6 6. O-O O-O 7. Re1 a5 8. h3 Ba7 9. Bb3 Be6 10. Bc2 h6 11. d4 Bd7 12. Be3 Re8 13. Nbd2 exd4 14. cxd4 Nb4 15. Bb1 c5 16. dxc5 Bxc5 17. Bxc5 dxc5 18. e5 Nfd5 19. a3 Na6 20. Ne4 Be6 21. Qc2 Bf5 22. Ba2 Ne7 23. Rad1 Qc7 24. Qc3 Bxe4 25. Rxe4 Rad8 26. Bxf7+ Kxf7 27. Qc4+ Kg6 28. Rg4+ Kh7 29. Rxd8 Qxd8 30. Qf7 Rg8 31. Ng5+ Kh8 32. Rh4 Qd3 33. Qxe7 Qg6 34. Nf7+ Kh7 35. Nxh6 1-0

[Event "57th Biel Festival MTO 2024"]
[White "Kaiser,Elmar"]
[Black "Pouly,Ivan"]
[Site "Biel"]
[Round "7.51"]
[Annotator "RC"]
[Result "1-0"]
[Date "2024.07.22"]
[WhiteElo "2116"]
[BlackElo "1958"]
[PlyCount "95"]

1. d4 d5 2. c4 e6 3. Nc3 Nf6 4. cxd5 exd5 5. Bg5 c6 6. e3 Be7 7. Bd3 O-O 8. Nf3 Nbd7 9. Qc2 Re8 10. O-O Nf8 11. h3 Ne4 12. Bf4 f5 13. Bh2 Bd6 14. Bxd6 Qxd6 15. Ne5 Ng6 16. f4 Nxe5 17. fxe5 Qh6 18. Rae1 Re6 19. Bxe4 fxe4 20. Qf2 g6 21. Qf7+ Kh8 22. Rf6 Qg7 23. Qf8+ Qxf8 24. Rxf8+ Kg7 25. Ref1 Re7 26. e6 b6 27. R1f7+ Rxf7 28. Rxf7+ Kg8 29. Rc7 Bxe6 30. Rxc6 Kf7 31. Rc7+ Kf6 32. Rxh7 Bf7 33. Rh4 Rc8 34. Rf4+ Ke7 35. Rf1 Be6 36. Rc1 Kd7 37. Ne2 Rf8 38. Rf1 Rc8 39. Rc1 Rf8 40. Nf4 Bf7 41. h4 Rg8 42. Kf2 g5 43. hxg5 Rxg5 44. Rh1 Rg7 45. Rh8 a5 46. Ra8 Rg5 47. Ra7+ Ke8 48. Rb7 1-0

[Event "57th Biel Festival MTO 2024"]
[White "Woltery,Nicolai"]
[Black "Tarini Goyal"]
[Site "Biel"]
[Round "7.52"]
[Annotator "ChessBase"]
[Result "1/2-1/2"]
[Date "2024.07.22"]
[WhiteElo "2016"]
[BlackElo "2079"]
[PlyCount "62"]

1. d4 d5 2. c4 e6 3. Nc3 Nf6 4. cxd5 exd5 5. Bg5 c6 6. e3 Be7 7. Bd3 Nbd7 8. h3 O-O 9. Qc2 Re8 10. Bf4 Nf8 11. Nf3 a6 12. O-O-O b5 13. Kb1 Be6 14. g4 Rc8 15. Rc1 N6d7 16. Rhd1 Nb6 17. Ne2 Nc4 18. Bxc4 bxc4 19. Nc3 Qb6 20. Rg1 a5 21. h4 a4 22. Nxa4 Qa5 23. Nc5 Ra8 24. a3 Bxc5 25. dxc5 Qxc5 26. Qc3 Qb6 27. h5 Qa5 28. h6 Qxc3 29. Rxc3 gxh6 30. Bxh6 c5 31. Bxf8 Rxf8 1/2-1/2

[Event "57th Biel Festival MTO 2024"]
[White "Hornung,Hans"]
[Black "Fronda,Jan Jodilyn"]
[Site "Biel"]
[Round "7.53"]
[Annotator "ChessBase"]
[Result "0-1"]
[Date "2024.07.22"]
[WhiteElo "2009"]
[BlackElo "2072"]
[PlyCount "90"]

1. c4 e5 2. a3 Nc6 3. Nc3 g6 4. g3 Bg7 5. Bg2 Nge7 6. e3 d6 7. b4 Be6 8. b5 Na5 9. d3 e4 10. d4 f5 11. f3 Nxc4 12. fxe4 fxe4 13. Nxe4 Nf5 14. Qe2 O-O 15. Nf3 Nb6 16. Nfd2 Qe7 17. Rb1 Nh6 18. Nf2 Nd5 19. Nde4 Nb6 20. Rb4 Bd5 21. O-O Rae8 22. Bd2 Kh8 23. a4 Bg8 24. a5 Nd5 25. Rbb1 Nf5 26. a6 b6 27. Nd1 Nf6 28. Ndc3 Nxe4 29. Nxe4 d5 30. Bb4 Qd8 31. Bxf8 Bxf8 32. Nc3 Rxe3 33. Qb2 Bg7 34. Ne2 Qe7 35. Rbe1 Nxd4 36. Nxd4 Rxe1 37. Qf2 Rxf1+ 38. Bxf1 Qe4 39. Nc6 h5 40. h4 Kh7 41. Kh2 Be5 42. Bh3 d4 43. Qg2 Qe1 44. Nxa7 Bd5 45. Qg1 Bxg3+ 0-1

[Event "57th Biel Festival MTO 2024"]
[White "Perreard,Nicolas"]
[Black "Pinelli,Gian"]
[Site "Biel"]
[Round "7.54"]
[Annotator "ChessBase"]
[Result "1-0"]
[Date "2024.07.22"]
[WhiteElo "2060"]
[BlackElo "1874"]
[PlyCount "89"]

1. d4 Nf6 2. c4 g6 3. Nc3 d5 4. cxd5 Nxd5 5. e4 Nxc3 6. bxc3 Bg7 7. Bg5 c5 8. Rc1 O-O 9. d5 h6 10. Be3 Nd7 11. Qd2 Kh7 12. Nf3 Qa5 13. c4 Qxd2+ 14. Nxd2 b6 15. f4 e6 16. Be2 exd5 17. cxd5 Nf6 18. Bf3 Bb7 19. O-O Rfe8 20. Rfe1 Re7 21. Bf2 g5 22. g3 Rd8 23. Nc4 Ne8 24. Bg4 Nd6 25. Nxd6 Rxd6 26. Bf5+ Kg8 27. Red1 Re8 28. Kg2 Red8 29. Kh3 Ba6 30. Bg4 gxf4 31. gxf4 Bb5 32. Bh4 h5 33. Bxh5 f6 34. Bg4 Bd7 35. Bxd7 R8xd7 36. Kg4 Kf7 37. Kf5 Rd8 38. Bg3 R8d7 39. a4 Rb7 40. e5 fxe5 41. fxe5 Rh6 42. e6+ Ke8 43. d6 Bf6 44. Be5 Bxe5 45. d7+ 1-0

[Event "57th Biel Festival MTO 2024"]
[White "Khulan,Enkhsaikhan"]
[Black "Malli,Shiivesh Sunil"]
[Site "Biel"]
[Round "7.55"]
[Annotator "ChessBase"]
[Result "1/2-1/2"]
[Date "2024.07.22"]
[WhiteElo "2063"]
[BlackElo "1916"]
[PlyCount "120"]

1. d4 d5 2. c4 c6 3. Nc3 Nf6 4. Nf3 e6 5. cxd5 exd5 6. Qc2 Bb4 7. Bg5 O-O 8. e3 h6 9. Bh4 Nbd7 10. Bd3 Re8 11. O-O Qa5 12. Na4 Ne4 13. a3 Bd6 14. b4 Qc7 15. Rfc1 a6 16. Nc5 Ndf6 17. Bg3 Nxg3 18. hxg3 Qe7 19. Bf5 Bxf5 20. Qxf5 a5 21. Ne5 Bxe5 22. Qxe5 Qxe5 23. dxe5 Rxe5 24. Nxb7 axb4 25. axb4 Rxa1 26. Rxa1 Re4 27. Rb1 Rc4 28. f3 Rc2 29. Ra1 Kh7 30. Nd8 Rc4 31. Ra7 Rxb4 32. Nxc6 Rb1+ 33. Kh2 Re1 34. Re7 Kg8 35. g4 Kf8 36. Re5 Rc1 37. Nb4 Rd1 38. Kg3 Rd2 39. Nc6 Rc2 40. Nd4 Ra2 41. Kh3 g6 42. g5 hxg5 43. Rxg5 Ra8 44. Kg3 Re8 45. Kf2 Ra8 46. Rg3 Ra2+ 47. Ke1 Ke7 48. Ne2 Ra3 49. Kf2 Ra2 50. Rh3 Kd6 51. Rh8 Nd7 52. f4 Nf6 53. Kf3 Ke7 54. Rc8 Ne4 55. Rc7+ Ke8 56. g4 Nd2+ 57. Kf2 Ne4+ 58. Kf3 Nd2+ 59. Kf2 Ne4+ 60. Kf3 Nd2+ 1/2-1/2

[Event "57th Biel Festival MTO 2024"]
[White "Douguet,Claude"]
[Black "Pappier,Carlos"]
[Site "Biel"]
[Round "7.56"]
[Annotator "ChessBase"]
[Result "0-1"]
[Date "2024.07.22"]
[WhiteElo "1994"]
[BlackElo "2202"]
[PlyCount "74"]

1. d4 d5 2. Nf3 c6 3. Bf4 Qb6 4. Qc1 Bf5 5. e3 Nf6 6. h3 e6 7. Be2 c5 8. O-O Nc6 9. Nc3 cxd4 10. Nxd4 Nxd4 11. exd4 Be7 12. Bb5+ Kf8 13. Rd1 h6 14. a4 a6 15. a5 Qd8 16. Bd3 Bxd3 17. Rxd3 Bb4 18. b3 Kg8 19. Be5 Nd7 20. Qf4 Rc8 21. Qg3 Nxe5 22. dxe5 Qg5 23. Qxg5 hxg5 24. Na2 Bxa5 25. c3 Rh4 26. g4 Kh7 27. Kg2 Kg6 28. Rad1 Rhh8 29. b4 Bb6 30. Nc1 Rc4 31. Ne2 Re4 32. R1d2 Rc8 33. Kg3 Rxe5 34. f4 gxf4+ 35. Nxf4+ Kh7 36. Ng2 Re4 37. Kf3 Rec4 0-1

[Event "57th Biel Festival MTO 2024"]
[White "Asllani,Dorian"]
[Black "Stevens,Christian"]
[Site "Biel"]
[Round "7.57"]
[Annotator "ChessBase"]
[Result "1-0"]
[Date "2024.07.22"]
[WhiteElo "2154"]
[BlackElo "2253"]
[PlyCount "96"]

1. d4 Nf6 2. c4 g6 3. Nc3 Bg7 4. e4 d6 5. f4 O-O 6. Nf3 c5 7. d5 e6 8. Be2 exd5 9. cxd5 Bg4 10. O-O Nbd7 11. Qc2 Re8 12. h3 Bxf3 13. Bxf3 c4 14. Be3 Qa5 15. Qf2 Rac8 16. Rfe1 Nc5 17. Bxc5 Qxc5 18. Qxc5 Rxc5 19. e5 dxe5 20. fxe5 Nd7 21. Ne4 Bxe5 22. Nxc5 Nxc5 23. Kf1 Nd3 24. Re2 Rd8 25. Rb1 f6 26. a4 Rc8 27. d6 Bxd6 28. Bxb7 Rc5 29. Be4 Bf4 30. Rd1 Ne5 31. Rd5 Rc7 32. Rc2 Kg7 33. Rb5 Nf7 34. Rb7 Rxb7 35. Bxb7 Nd6 36. Ba6 Be5 37. Bxc4 Nf5 38. Kf2 Bg3+ 39. Kg1 a5 40. Bd3 Nd4 41. Rc5 Be1 42. Rc4 Nb3 43. Bc2 Nd2 44. Rc7+ Kh6 45. b3 f5 46. Re7 Bg3 47. Re2 Bf4 48. Kf2 Ne4+ 1-0

[Event "57th Biel Festival MTO 2024"]
[White "Kheerthi Ganta"]
[Black "Udipi,Kala Kishan"]
[Site "Biel"]
[Round "7.58"]
[Annotator "RC"]
[Result "0-1"]
[Date "2024.07.22"]
[WhiteElo "1987"]
[BlackElo "2051"]
[PlyCount "90"]

1. d4 Nf6 2. Nf3 g6 3. c4 Bg7 4. Nc3 O-O 5. e4 d6 6. Be2 e5 7. O-O Nc6 8. Be3 Ng4 9. Bg5 f6 10. Bc1 Nh6 11. d5 Ne7 12. Ne1 f5 13. Nd3 f4 14. c5 g5 15. f3 Nf7 16. b3 h5 17. Ba3 Kh8 18. Rc1 a6 19. Na4 b6 20. cxd6 cxd6 21. Nc3 b5 22. Qe1 Ng6 23. Nb4 g4 24. Nd1 Qg5 25. fxg4 hxg4 26. Nf2 f3 27. Bd1 g3 28. hxg3 Qxg3 29. Bxf3 Ng5 30. Nfd3 Nxf3+ 31. Rxf3 Rxf3 32. Qxg3 Rxg3 33. Kf2 Rg4 34. Nc6 Nf4 35. Rh1+ Kg8 36. Ne1 Bf8 37. g3 Ng6 38. Kf3 Ne7 39. Na5 Rg6 40. Nd3 Rf6+ 41. Kg2 Bg4 42. Re1 Rc8 43. Nb4 Bh6 44. Nbc6 Nxc6 45. Nxc6 Kg7 0-1

[Event "57th Biel Festival MTO 2024"]
[White "Cordes,Jule"]
[Black "Monteverde,Jonathan"]
[Site "Biel"]
[Round "7.59"]
[Annotator "ChessBase"]
[Result "0-1"]
[Date "2024.07.22"]
[WhiteElo "1900"]
[BlackElo "2052"]
[PlyCount "78"]

1. d4 Nf6 2. c4 e6 3. Nc3 Bb4 4. Qc2 O-O 5. Nf3 c5 6. dxc5 Na6 7. g3 Nxc5 8. Bg2 b6 9. O-O Bb7 10. Nb5 Be4 11. Qd1 a6 12. Nd6 Bc6 13. Ne5 Bxg2 14. Kxg2 Nb7 15. Nxb7 Qc7 16. Nf3 Qxb7 17. b3 d5 18. cxd5 Rfd8 19. Qd4 Bc5 20. Qh4 Rxd5 21. Bb2 Be7 22. Kg1 Rc8 23. Rac1 Rdc5 24. Qf4 Rc2 25. Rxc2 Rxc2 26. Bxf6 Bxf6 27. Rc1 g5 28. Nxg5 Be5 29. Rxc2 Bxf4 30. gxf4 h6 31. Nf3 Qe4 32. Rc7 Qxf4 33. Ra7 a5 34. Ra6 Qb8 35. b4 axb4 36. Nd4 Kh7 37. f3 e5 38. Nb5 Qc8 39. Ra7 Qc5+ 0-1

[Event "57th Biel Festival MTO 2024"]
[White "Matsumura,Cocoro"]
[Black "Stefan,Iulia-Cristiana"]
[Site "Biel"]
[Round "7.60"]
[Annotator "ChessBase"]
[Result "0-1"]
[Date "2024.07.22"]
[WhiteElo "2032"]
[BlackElo "1953"]
[PlyCount "66"]

1. e4 e5 2. Nf3 Nc6 3. Bb5 a6 4. Ba4 d6 5. O-O Bd7 6. c3 g6 7. d4 Bg7 8. h3 Nf6 9. Re1 b5 10. Bc2 O-O 11. Nbd2 Re8 12. Nf1 Na5 13. b3 c5 14. Ng3 cxd4 15. cxd4 exd4 16. Nxd4 d5 17. e5 Ne4 18. Nxe4 Rxe5 19. Bb2 dxe4 20. Bxe4 Rc8 21. Nf3 Rxe4 22. Rxe4 Bxb2 23. Re2 Bxa1 24. Qxa1 Bc6 25. Ne5 Qd5 26. Qf1 Rd8 27. Ng4 Qd1 28. Re1 Qd4 29. Ne3 Qd3 30. Re2 Bb7 31. Ng4 Nc6 32. Kh2 Qd6+ 33. g3 Nd4 0-1

[Event "57th Biel Festival MTO 2024"]
[White "Malli,Suvirr"]
[Black "Tellarini,Lorenzo"]
[Site "Biel"]
[Round "7.61"]
[Annotator "ChessBase"]
[Result "0-1"]
[Date "2024.07.22"]
[WhiteElo "2147"]
[BlackElo "1953"]
[PlyCount "104"]

1. e4 c5 2. Nf3 e6 3. d4 cxd4 4. Nxd4 Nc6 5. Nc3 d6 6. Be2 Nf6 7. Be3 Be7 8. O-O O-O 9. f4 a6 10. Bf3 Bd7 11. Kh1 Nxd4 12. Bxd4 Bc6 13. Qe1 Qc7 14. a4 b5 15. axb5 axb5 16. Rxa8 Rxa8 17. e5 Nd7 18. exd6 Bxd6 19. Qg3 Bf8 20. Rd1 b4 21. Ne4 Rd8 22. c3 bxc3 23. bxc3 Bxe4 24. Bxe4 Nf6 25. Bd3 Nd5 26. Be5 Qc8 27. Qh4 g6 28. c4 Be7 29. Qe1 Nb6 30. Qe2 Qc5 31. Ba1 Nxc4 32. Re1 Nb6 33. Qb2 f6 34. Qe2 Rd6 35. Bb1 Nd5 36. Qf3 Qb4 37. Rf1 Kf7 38. g3 Ra6 39. Be4 Ra3 40. Bxd5 Rxf3 41. Bxf3 Qc4 42. Bg2 h5 43. h3 h4 44. g4 Bd6 45. f5 exf5 46. gxf5 g5 47. Rd1 Qf4 48. Kg1 Bc5+ 49. Kh1 g4 50. Rf1 Qg3 51. hxg4 Bd6 52. Kg1 h3 0-1

[Event "57th Biel Festival MTO 2024"]
[White "Mendonca,Leon Luke"]
[Black "Nesterov,Arseniy"]
[Site "Biel"]
[Round "8.1"]
[Annotator "TA"]
[Result "1/2-1/2"]
[Date "2024.07.23"]
[WhiteElo "2634"]
[BlackElo "2609"]
[PlyCount "81"]

1. e4 e5 2. Nf3 Nf6 3. Nxe5 d6 4. Nf3 Nxe4 5. d4 d5 6. Bd3 Be7 7. O-O Bf5 8. c4 dxc4 9. Bxc4 O-O 10. Nc3 Nc6 11. Re1 Nd6 12. Bd5 Nb4 13. Bb3 Nd3 14. Re3 Nxc1 15. Rxc1 c6 16. Qe2 Bg5 17. Nxg5 Qxg5 18. Re1 Bg4 19. Qd3 Bf5 20. Qe2 Bg4 21. f3 Bd7 22. Re5 Qf4 23. Qf2 Rae8 24. g3 Qf6 25. Kg2 g6 26. Qd2 Kg7 27. g4 Qd8 28. Qf4 f6 29. R5e2 Nf7 30. h4 Rxe2+ 31. Rxe2 Re8 32. Bxf7 Rxe2+ 33. Nxe2 Kxf7 34. Ng3 Be6 35. Ne4 Bd5 36. Nd6+ Kg8 37. g5 Qe7 38. Ne4 fxg5 39. hxg5 Bxa2 40. Kf2 Kg7 41. Qb8 1/2-1/2

[Event "57th Biel Festival MTO 2024"]
[White "Sasikiran,Krishnan"]
[Black "Aryan Chopra"]
[Site "Biel"]
[Round "8.2"]
[Annotator "TA"]
[Result "1/2-1/2"]
[Date "2024.07.23"]
[WhiteElo "2581"]
[BlackElo "2631"]
[PlyCount "126"]

1. d4 d5 2. Nf3 Nf6 3. c4 c6 4. Nc3 e6 5. g3 dxc4 6. Bg2 Nbd7 7. a4 Bb4 8. O-O O-O 9. Qc2 a5 10. Rd1 Qe7 11. Na2 Bd6 12. Qxc4 e5 13. Qc2 exd4 14. Nxd4 Nc5 15. Nc3 Re8 16. b3 Na6 17. Bg5 Nb4 18. Qc1 Be5 19. Ne4 h6 20. Nxf6+ Bxf6 21. Bxf6 Qxf6 22. Rd2 Be6 23. Qc5 Bd5 24. Rad1 Re5 25. Qc3 Rae8 26. Bf1 g6 27. Rc1 Kg7 28. f3 Re3 29. Qc5 Qg5 30. Rdd1 Bxb3 31. Nxb3 Rxb3 32. Rd7 Qxc5+ 33. Rxc5 b6 34. Rc4 Re6 35. Rb7 Nd5 36. Rc1 Nc3 37. e4 b5 38. axb5 cxb5 39. Rc7 Nb1 40. Kf2 a4 41. Ra7 Nd2 42. Bh3 Rf6 43. e5 Rfxf3+ 44. Kg2 Ne4 45. Rc2 Ng5 46. Bg4 Rfe3 47. Rf2 h5 48. Bd1 Rbc3 49. e6 Rc8 50. Be2 Nxe6 51. Rfxf7+ Kg8 52. Bxb5 a3 53. Bd7 Rc2+ 54. Rf2 Nd4 55. Ra4 Rxf2+ 56. Kxf2 Rd3 57. Be8 Kg7 58. Ra7+ Kf6 59. Ra6+ Ke5 60. Bxg6 Rd2+ 61. Ke3 Rxh2 62. Rxa3 Nf5+ 63. Bxf5 Kxf5 1/2-1/2

[Event "57th Biel Festival MTO 2024"]
[White "Harsha Bharathakoti"]
[Black "Ayush Sharma"]
[Site "Biel"]
[Round "8.3"]
[Annotator "TA"]
[Result "0-1"]
[Date "2024.07.23"]
[WhiteElo "2569"]
[BlackElo "2325"]
[PlyCount "90"]

1. Nf3 Nf6 2. c4 e6 3. g3 d5 4. Bg2 dxc4 5. Qa4+ Nbd7 6. Qxc4 c5 7. Qb3 Rb8 8. a4 b6 9. d3 Bb7 10. O-O Bd6 11. Na3 a6 12. Nc4 Bc7 13. Bd2 O-O 14. Rfc1 Qe7 15. Qd1 Rfd8 16. Qe1 Nd5 17. e4 Nb4 18. Bxb4 cxb4 19. d4 Rbc8 20. h4 h6 21. Rc2 Nf6 22. e5 Nd5 23. Nfd2 Bb8 24. Rac1 b3 25. Nxb3 Nb4 26. Rd2 Bxg2 27. Kxg2 Qd7 28. Qe4 Nd5 29. Ne3 Nxe3+ 30. Qxe3 Rxc1 31. Nxc1 Qc6+ 32. d5 Qxc1 33. d6 Ba7 34. Qd3 Qc6+ 35. Kh2 Qxa4 36. Rc2 b5 37. f4 Qd4 38. Qf3 a5 39. Kh3 Bb6 40. Qb7 Qg1 41. h5 Qf1+ 42. Kh4 Rf8 43. Rc8 Bd8+ 44. Kg4 f5+ 45. exf6 gxf6 0-1

[Event "57th Biel Festival MTO 2024"]
[White "Petkidis,Anthony"]
[Black "Jumabayev,Rinat"]
[Site "Biel"]
[Round "8.4"]
[Annotator "TA"]
[Result "0-1"]
[Date "2024.07.23"]
[WhiteElo "2427"]
[BlackElo "2575"]
[PlyCount "80"]

1. e4 c5 2. Nf3 e6 3. d4 cxd4 4. Nxd4 Nc6 5. Nc3 a6 6. Be3 Nf6 7. f4 Bb4 8. Bd3 Qb6 9. O-O Bc5 10. Na4 Bxd4 11. Nxb6 Bxe3+ 12. Kh1 Bxb6 13. e5 Nd5 14. Qg4 g6 15. Qh4 Bc5 16. Be4 Ne3 17. Rfe1 Nf5 18. Qh3 b6 19. a3 Bb7 20. b4 Be7 21. c4 Rb8 22. Rad1 h5 23. Rd2 Nd8 24. Qd3 Bc8 25. Red1 O-O 26. Qf3 Re8 27. Rxd7 Bxd7 28. Rxd7 Rc8 29. Qc3 Nc6 30. Qd3 Nb8 31. Bxf5 exf5 32. e6 fxe6 33. Rb7 b5 34. Qe3 Kf7 35. cxb5 axb5 36. Rxb5 Red8 37. h3 Rd1+ 38. Kh2 Rcc1 39. Rb6 Rh1+ 40. Kg3 h4+ 0-1

[Event "57th Biel Festival MTO 2024"]
[White "Gavrilescu,David"]
[Black "Xue,Haowen"]
[Site "Biel"]
[Round "8.5"]
[Annotator "TA"]
[Result "1/2-1/2"]
[Date "2024.07.23"]
[WhiteElo "2538"]
[BlackElo "2452"]
[PlyCount "45"]

1. e4 c5 2. Nf3 Nc6 3. Bb5 Nf6 4. Nc3 Qc7 5. O-O Nd4 6. Re1 a6 7. Bf1 Ng4 8. e5 Nxf3+ 9. gxf3 Nxe5 10. d4 cxd4 11. Nd5 Qd6 12. c4 dxc3 13. Rxe5 Qxe5 14. Bf4 Qf5 15. Bg3 cxb2 16. Rb1 Ra7 17. Bb8 b5 18. Bxa7 Bb7 19. Ne3 Qxf3 20. Qxf3 Bxf3 21. Rxb2 e6 22. a4 Bd6 23. axb5 1/2-1/2

[Event "57th Biel Festival MTO 2024"]
[White "Koustav Chatterjee"]
[Black "Madaminov,Mukhiddin"]
[Site "Biel"]
[Round "8.6"]
[Annotator "RC"]
[Result "0-1"]
[Date "2024.07.23"]
[WhiteElo "2525"]
[BlackElo "2517"]
[PlyCount "104"]

1. c4 e6 2. Nc3 d5 3. d4 Nf6 4. cxd5 exd5 5. Bg5 Be7 6. e3 O-O 7. Bd3 Re8 8. Nge2 c6 9. O-O a5 10. f3 Nbd7 11. a4 Nf8 12. Qc2 g6 13. Rad1 Ne6 14. Bh4 Qb6 15. Qd2 Bd7 16. Kh1 Rad8 17. Bb1 Bc8 18. Nf4 Nxf4 19. exf4 Qc7 20. g4 Kh8 21. Rg1 Ng8 22. Bg3 Bd6 23. Rg2 Re7 24. Rdg1 Rde8 25. Nd1 Bb4 26. Qd3 b6 27. f5 Bd6 28. Bh4 Rd7 29. Nc3 Bf4 30. Ne2 Re3 31. Qd1 Bd6 32. Nc3 Ba6 33. g5 Rde7 34. f6 R7e6 35. Be1 h6 36. h4 Qd7 37. Bg3 Bxg3 38. Rxg3 Qd6 39. h5 Re1 40. hxg6 Nxf6 41. Rxe1 Qxg3 42. Rxe6 Qh4+ 43. Kg2 Qxg5+ 44. Kh2 fxe6 45. Qe1 Nh5 46. Nd1 Qf4+ 47. Kg2 Qxd4 48. Nf2 Nf4+ 49. Kh2 Ne2 50. Ng4 h5 51. Qh4 Qg1+ 52. Kh3 Nf4# 0-1

[Event "57th Biel Festival MTO 2024"]
[White "Sokolovsky,Yahli"]
[Black "Gan-Erdene,Sugar"]
[Site "Biel"]
[Round "8.7"]
[Annotator "RC"]
[Result "0-1"]
[Date "2024.07.23"]
[WhiteElo "2492"]
[BlackElo "2424"]
[PlyCount "128"]

1. e4 c5 2. Nf3 d6 3. d4 cxd4 4. Nxd4 Nf6 5. Nc3 Nc6 6. Bg5 e6 7. Qd3 Bd7 8. O-O-O a6 9. f4 Be7 10. Nf3 Rc8 11. Kb1 Qa5 12. Bxf6 gxf6 13. Qd2 b5 14. g4 b4 15. Ne2 Qb6 16. Ng3 a5 17. Nh5 a4 18. Be2 Qc5 19. g5 fxg5 20. fxg5 a3 21. Nf6+ Kd8 22. Rhf1 axb2 23. Ne1 Ne5 24. Nxd7 Kxd7 25. Nd3 Nxd3 26. Qxd3 Rhf8 27. h4 Rc6 28. Bh5 f6 29. Bg4 Qc4 30. Be2 Qxd3 31. Rxd3 fxg5 32. Rxf8 Bxf8 33. Kxb2 gxh4 34. Rh3 Bg7+ 35. Kc1 Rc3 36. Rxh4 h6 37. Rg4 Be5 38. Rg6 Re3 39. Kd1 Rxe4 40. Rxh6 d5 41. Rg6 Bc3 42. Rg4 Re3 43. Rf4 Kd6 44. Rf3 Re4 45. Rg3 Rh4 46. Bf3 Rd4+ 47. Kc1 e5 48. Bg4 Rf4 49. Be2 Rh4 50. Bf3 e4 51. Bg2 Ke5 52. a4 Rh6 53. Rg5+ Kd4 54. Bf1 Rh2 55. Bg2 Ke3 56. Bf1 d4 57. Bg2 d3 58. Rg4 b3 59. cxb3 Rxg2 60. Rxg2 Kf3 61. Rg8 e3 62. Rd8 d2+ 63. Kc2 e2 64. Rd3+ Kf2 0-1

[Event "57th Biel Festival MTO 2024"]
[White "Materia,Marco"]
[Black "Xiao,Tong"]
[Site "Biel"]
[Round "8.8"]
[Annotator "RC"]
[Result "0-1"]
[Date "2024.07.23"]
[WhiteElo "2453"]
[BlackElo "2518"]
[PlyCount "194"]

1. d4 Nf6 2. c4 e6 3. Nf3 h6 4. Nc3 Bb4 5. Qc2 c5 6. dxc5 Na6 7. c6 bxc6 8. a3 Bxc3+ 9. Qxc3 Nc5 10. e3 Nce4 11. Qc2 a5 12. b3 d6 13. Nd2 Nc5 14. Be2 e5 15. Bb2 Rb8 16. O-O O-O 17. Bc3 Qc7 18. b4 Ne6 19. Rfd1 Re8 20. Nb3 axb4 21. axb4 d5 22. Qb2 Ng5 23. cxd5 cxd5 24. b5 Qe7 25. Nd2 Bb7 26. Nf3 Nxf3+ 27. Bxf3 d4 28. exd4 Bxf3 29. gxf3 Nd5 30. Bd2 e4 31. Qb3 Qd7 32. fxe4 Rxe4 33. Kh1 Qxb5 34. Qg3 Re6 35. Rg1 Rg6 36. Qf3 Rbb6 37. Be3 Rxg1+ 38. Rxg1 Rf6 39. Qg4 Rg6 40. Qc8+ Kh7 41. Rxg6 fxg6 42. Qh3 Ne7 43. Kg1 Nf5 44. Qg4 Qb1+ 45. Kg2 g5 46. h3 Nh4+ 47. Kh2 Qb7 48. Qg3 Nf3+ 49. Kg2 Nxd4+ 50. Kh2 Nf3+ 51. Kg2 Nh4+ 52. Kh2 Nf3+ 53. Kg2 Ne5+ 54. Kg1 Qe4 55. Kh2 h5 56. Bc5 Qd5 57. Ba3 Nf3+ 58. Kg2 Nd2+ 59. Kg1 Nf3+ 60. Kg2 Ne5+ 61. Kg1 Qe4 62. Bc5 Qf5 63. Bd6 Nf3+ 64. Kg2 Nd4 65. Ba3 Qe4+ 66. Kh2 Nf3+ 67. Kg2 Nd2+ 68. Kg1 Qe1+ 69. Kg2 Qf1+ 70. Kh2 Ne4 71. Qf3 Qxf2+ 72. Qxf2 Nxf2 73. Kg2 Ne4 74. Kf3 Nf6 75. Kg3 Kg6 76. Bf8 Nd7 77. Ba3 Kf5 78. Bb2 g6 79. Ba3 Ne5 80. Bc1 h4+ 81. Kg2 g4 82. Be3 Nd3 83. hxg4+ Kxg4 84. Bb6 Nf4+ 85. Kh2 Ne6 86. Be3 Kf3 87. Bd2 g5 88. Bb4 Kg4 89. Be7 Nd4 90. Bf6 Nf5 91. Kg2 Kf4 92. Bc3 g4 93. Bd2+ Ne3+ 94. Kf2 g3+ 95. Ke2 h3 96. Bxe3+ Ke4 97. Bf2 h2 0-1

[Event "57th Biel Festival MTO 2024"]
[White "Ganguly,Surya Shekhar"]
[Black "Kalogridis,Antonios"]
[Site "Biel"]
[Round "8.9"]
[Annotator "TA"]
[Result "1-0"]
[Date "2024.07.23"]
[WhiteElo "2575"]
[BlackElo "2391"]
[PlyCount "87"]

1. e4 c5 2. Nf3 Nc6 3. Bb5 e6 4. Bxc6 bxc6 5. b3 f6 6. Bb2 Nh6 7. e5 Be7 8. d3 O-O 9. Nbd2 Nf7 10. Qe2 Nxe5 11. Nxe5 fxe5 12. Bxe5 d6 13. Bc3 e5 14. O-O Bf5 15. Rae1 Qd7 16. f4 Bh4 17. g3 Bg4 18. Qe3 exf4 19. Rxf4 Rxf4 20. Qxf4 Rf8 21. Qc4+ d5 22. Qxc5 Bg5 23. Bb4 Re8 24. Nf1 a6 25. h4 Bf6 26. Rxe8+ Qxe8 27. Bc3 Bxc3 28. Qxc3 Bh3 29. Qd2 d4 30. Qf2 Bxf1 31. Kxf1 Qe5 32. Qe2 Qf5+ 33. Ke1 Kf7 34. Qf2 Qxf2+ 35. Kxf2 Ke6 36. Kf3 Kf5 37. g4+ Ke5 38. b4 h6 39. h5 Kf6 40. Kf4 g6 41. hxg6 Kxg6 42. Kf3 Kf6 43. Kg2 Kg6 44. Kh3 1-0

[Event "57th Biel Festival MTO 2024"]
[White "Tahay,Alexis"]
[Black "Sethuraman,S.P."]
[Site "Biel"]
[Round "8.10"]
[Annotator "TA"]
[Result "1-0"]
[Date "2024.07.23"]
[WhiteElo "2375"]
[BlackElo "2587"]
[PlyCount "83"]

1. e4 c5 2. Nf3 Nc6 3. d4 cxd4 4. Nxd4 Nf6 5. Nc3 d6 6. Bg5 e6 7. Qd2 a6 8. O-O-O Bd7 9. f4 Be7 10. Be2 Rc8 11. Bf3 Na5 12. e5 Nc4 13. Qe2 dxe5 14. fxe5 Nd5 15. Bxe7 Qb6 16. Nb3 Nxc3 17. bxc3 Kxe7 18. Rhe1 Qb5 19. Rd4 Qa4 20. Kb1 b5 21. Ka1 Qa3 22. Rb1 Rc7 23. Qe4 h6 24. Be2 Nb6 25. Qh4+ Ke8 26. Qg3 Rg8 27. Rd6 Nc8 28. Rbd1 Nxd6 29. exd6 Rc6 30. Rd4 Kf8 31. h4 f6 32. Qg6 Rc5 33. Rd1 Re5 34. Bh5 Rxh5 35. Qxh5 a5 36. Kb1 f5 37. Qf3 a4 38. Qb7 axb3 39. cxb3 Ke8 40. Qb8+ Kf7 41. Qc7 Ke8 42. Re1 1-0

[Event "57th Biel Festival MTO 2024"]
[White "Chinguun,Sumiya"]
[Black "Moiseenko,Alexander"]
[Site "Biel"]
[Round "8.11"]
[Annotator "TA"]
[Result "1/2-1/2"]
[Date "2024.07.23"]
[WhiteElo "2348"]
[BlackElo "2560"]
[PlyCount "81"]

1. e4 c5 2. Nc3 e6 3. f4 d5 4. Nf3 Nc6 5. Bb5 Nge7 6. Ne5 Bd7 7. O-O Nxe5 8. fxe5 dxe4 9. Nxe4 Ng6 10. Qe2 Nxe5 11. Ng5 Qxg5 12. d4 Qe7 13. dxe5 O-O-O 14. a4 f5 15. Be3 Kb8 16. b4 cxb4 17. Qf2 a6 18. Ba7+ Ka8 19. Bb6 Bc8 20. Bxd8 Qxd8 21. Be2 Qc7 22. Qf4 h6 23. Kh1 Be7 24. Rfe1 Kb8 25. Qg3 g5 26. Qb3 Rd8 27. Rac1 g4 28. Bf1 Bg5 29. Rb1 Bd2 30. Red1 Qxe5 31. Bxa6 Rd4 32. Bf1 Bc3 33. Rxd4 Qxd4 34. a5 h5 35. Qa4 h4 36. Qe8 Qf2 37. Qd8 Bd4 38. Ba6 Qxc2 39. Qd6+ Ka8 40. Qxb4 Qe4 41. Bf1 1/2-1/2